| 000 | 00587nam a2200229Ia 4500 | ||
|---|---|---|---|
| 003 | OSt | ||
| 005 | 20220924140328.0 | ||
| 006 | a|||||r|||| 00| 0 | ||
| 007 | ta | ||
| 008 | 220923b |||||||| |||| 00| 0 hin d | ||
| 024 | _a294615 | ||
| 037 | _cTextual | ||
| 040 |
_aARTS _cARTS _bhin |
||
| 041 |
_2hin _ahin |
||
| 082 | _aO157,2NDA1:g, P7 | ||
| 100 |
_aChaudhuri Darsan _9211242 |
||
| 245 | 0 | _aThetarwala utpal dutta | |
| 260 | _c2007 | ||
| 650 | _aBENGALI LITERATURE | ||
| 942 |
_hO157,2NDA1:g, P7 _cTEXL _2CC |
||
| 999 |
_c443799 _d443799 |
||